[Event "Mittelfrank Regionalliga Nord-Ost 2223"]
[Site "Mittelfranken"]
[Date "2023.01.15"]
[Round "5.8"]
[White "Nachtrab, Robert"]
[Black "Killmann, Reinmar"]
[Result "1/2-1/2"]
[WhiteElo "1685"]
[BlackElo "1726"]
[PlyCount "82"]
[EventDate "2022.10.09"]
[EventType "team-tourn"]
[EventRounds "9"]
[EventCountry "GER"]
[SourceTitle "EXT 2024"]
[Source "ChessBase"]
[SourceDate "2023.10.10"]
[SourceVersion "1"]
[SourceVersionDate "2023.10.10"]
[SourceQuality "1"]
[WhiteTeam "Buechenbach/Roth"]
[BlackTeam "Nuernberg Jaeklechemie"]
[WhiteTeamCountry "GER"]
[BlackTeamCountry "GER"]

1. d4 d5 2. Nf3 Nf6 3. Bf4 Bf5 4. e3 e6 5. Bd3 Bxd3 6. Qxd3 c6 7. 0-0 Bd6 8. Bg5 Nbd7 9. c4 0-0 10. c5 Be7 11. Nc3 h6 12. Bh4 Nh5 13. Bg3 Nxg3 14. fxg3 Nf6 15. b4 b6 16. Rf2 Qc7 17. a4 a5 18. cxb6 Qxb6 19. b5 cxb5 20. Nxb5 Rfc8 21. Rc2 Ne8 22. Rac1 Qb7 23. Ne5 Bd6 24. Nc6 Kh8 25. Qd2 Qb6 26. Qf2 Qb7 27. Qd2 Qb6 28. Nxa5 Rxc2 29. Rxc2 Qxa5 30. Qxa5 Rxa5 31. Rc8 Bb4 32. Rxe8+ Kh7 33. Nc7 Rxa4 34. Rb8 Bd6 35. Ra8 Rxa8 36. Nxa8 Kg6 37. Kf2 Kf5 38. Kf3 g5 39. g4+ Kg6 40. h3 Kf6 41. Nb6 Ke7 1/2-1/2

[Event "Mittelfrank Regionalliga Nord-Ost 2223"]
[Site "Mittelfranken"]
[Date "2022.12.11"]
[Round "4.7"]
[White "Illetsko, Jaroslav"]
[Black "Killmann, Reinmar"]
[Result "1-0"]
[WhiteElo "2089"]
[BlackElo "1726"]
[PlyCount "131"]
[EventDate "2022.10.09"]
[EventType "team-tourn"]
[EventRounds "9"]
[EventCountry "GER"]
[SourceTitle "EXT 2024"]
[Source "ChessBase"]
[SourceDate "2023.10.10"]
[SourceVersion "1"]
[SourceVersionDate "2023.10.10"]
[SourceQuality "1"]
[WhiteTeam "Windischeschenbach"]
[BlackTeam "Nuernberg Jaeklechemie"]
[WhiteTeamCountry "GER"]
[BlackTeamCountry "GER"]

1. e4 d5 2. exd5 Qxd5 3. Nc3 Qa5 4. d4 c6 5. Nf3 Nf6 6. h3 e6 7. Be2 Bd6 8. 0-0 0-0 9. Nd2 Qc7 10. Nde4 Be7 11. Nxf6+ Bxf6 12. Ne4 Be7 13. Bd3 g6 14. Qf3 Nd7 15. Bh6 Re8 16. c3 Qd8 17. Rad1 Nf6 18. Rfe1 Nxe4 19. Rxe4 Bf8 20. Bxf8 Rxf8 21. Re5 Bd7 22. Qg3 Re8 23. Bc4 Qf6 24. h4 Rad8 25. h5 Kg7 26. Rde1 Bc8 27. R1e4 Rh8 28. Qh3 Rde8 29. h6+ Kf8 30. Qg3 Rg8 31. f4 Qd8 32. Re1 Qd6 33. Qh4 Qe7 34. Qf2 Qd7 35. a4 Qc7 36. g4 Bd7 37. g5 Rc8 38. Ba2 Qd6 39. Qe3 Qc7 40. c4 Qd6 41. Qc3 c5 42. d5 exd5 43. cxd5 b6 44. Qc4 a5 45. Kf2 Rb8 46. Bb3 Rd8 47. Bd1 Rb8 48. Kg3 Rd8 49. Qe4 f6 50. gxf6 Qxf6 51. Bg4 g5 52. f5 Qxh6 53. Re7 Qd6+ 54. Kg2 Qf4 55. Rxh7 Qxe4+ 56. Rxe4 Rg7 57. Rh8+ Rg8 58. Rh6 Rb8 59. Rf6+ Kg7 60. Rd6 Be8 61. Re7+ Kf8 62. f6 Rg6 63. Bh5 Rh6 64. Rxe8+ Rxe8 65. Bxe8 Rh4 66. Bg6 1-0

[Event "Mittelfranken-chTB2a 1920"]
[Site "Mittelfranken"]
[Date "2020.02.16"]
[Round "6.5"]
[White "Killmann, Reinmar"]
[Black "Hofmann, Thomas1111"]
[Result "0-1"]
[WhiteElo "1744"]
[BlackElo "1610"]
[PlyCount "60"]
[EventDate "2019.10.13"]
[EventType "team-tourn"]
[EventRounds "9"]
[EventCountry "GER"]
[SourceTitle "EXT 2023"]
[Source "ChessBase"]
[SourceDate "2022.10.05"]
[SourceVersion "1"]
[SourceVersionDate "2022.10.05"]
[SourceQuality "1"]
[WhiteTeam "Nuernberg Jaeklechemie"]
[BlackTeam "Dombuehl"]
[WhiteTeamCountry "GER"]
[BlackTeamCountry "GER"]

1. e4 e6 2. d4 d5 3. e5 c5 4. c3 Nc6 5. Nf3 cxd4 6. cxd4 Bb4+ 7. Nc3 Nge7 8. Bd3 Nf5 9. 0-0 0-0 10. Ne2 Qb6 11. g4 Nh6 12. h3 f5 13. exf6 Rxf6 14. Ng3 Rxf3 15. Qxf3 Nxd4 16. Qd1 e5 17. a3 Bd6 18. Be3 Qd8 19. Bxd4 Qh4 20. Kg2 exd4 21. Be2 b6 22. Qxd4 Bb7 23. b4 Re8 24. Qd3 d4+ 25. Bf3 Re3 26. Qc4+ Kh8 27. Ne4 Bxe4 28. Qxd4 Rxf3 29. Rh1 Rxf2+ 30. Kg1 Qg3# 0-1

[Event "Mittelfranken-chTB2a 1920"]
[Site "Mittelfranken"]
[Date "2019.10.13"]
[Round "1.6"]
[White "Kretschmer, Wolfgang2222"]
[Black "Killmann, Reinmar"]
[Result "1/2-1/2"]
[WhiteElo "1696"]
[BlackElo "1744"]
[PlyCount "37"]
[EventDate "2019.10.13"]
[EventType "team-tourn"]
[EventRounds "9"]
[EventCountry "GER"]
[SourceTitle "EXT 2023"]
[Source "ChessBase"]
[SourceDate "2022.10.05"]
[SourceVersion "1"]
[SourceVersionDate "2022.10.05"]
[SourceQuality "1"]
[WhiteTeam "Bubenreuth"]
[BlackTeam "Nuernberg Jaeklechemie"]
[WhiteTeamCountry "GER"]
[BlackTeamCountry "GER"]

1. c4 Nf6 2. Nc3 e5 3. e3 Be7 4. g3 c6 5. Bg2 0-0 6. Nge2 d6 7. d3 Bg4 8. h3 Be6 9. 0-0 Na6 10. a3 d5 11. cxd5 Nxd5 12. Nxd5 Bxd5 13. Nc3 Bxg2 14. Kxg2 Qb6 15. b4 Rad8 16. Qc2 Nc7 17. Bb2 f6 18. Rfe1 Kh8 19. Na4 1/2-1/2

[Event "Mittelfranken-chTB2a 1819"]
[Site "Mittelfranken"]
[Date "2019.01.27"]
[Round "4.7"]
[White "Killmann, Reinmar"]
[Black "Classen, Jakob"]
[Result "1/2-1/2"]
[WhiteElo "1768"]
[BlackElo "1702"]
[PlyCount "49"]
[EventDate "2018.10.14"]
[EventType "team-tourn"]
[EventRounds "9"]
[EventCountry "GER"]
[SourceTitle "EXT 2022"]
[Source "ChessBase"]
[SourceDate "2021.10.06"]
[SourceVersion "1"]
[SourceVersionDate "2021.10.06"]
[SourceQuality "1"]
[WhiteTeam "Jaecklechemie SC"]
[BlackTeam "Buechenbach/Roth II"]
[WhiteTeamCountry "GER"]
[BlackTeamCountry "GER"]

1. e4 Nf6 2. e5 Nd5 3. d4 d6 4. c4 Nb6 5. exd6 exd6 6. Nc3 Be7 7. h3 Nc6 8. Be3 Bf5 9. Bd3 Qd7 10. b3 Bf6 11. Nge2 0-0 12. 0-0 Rfe8 13. Rc1 Nb4 14. Bxf5 Qxf5 15. Qd2 a6 16. Ng3 Qg6 17. Nce4 Nc6 18. Nxf6+ Qxf6 19. d5 Ne5 20. Bxb6 cxb6 21. Rcd1 Qd8 22. Qb4 Qc7 23. Ne4 Rad8 24. Rfe1 h6 25. Re3 1/2-1/2

[Event "Mittelfranken-chTB2a 1819"]
[Site "Mittelfranken"]
[Date "2018.11.04"]
[Round "2.7"]
[White "Killmann, Reinmar"]
[Black "Kriener, Peter Georg"]
[Result "1/2-1/2"]
[WhiteElo "1768"]
[BlackElo "1717"]
[PlyCount "29"]
[EventDate "2018.10.14"]
[EventType "team-tourn"]
[EventRounds "9"]
[EventCountry "GER"]
[SourceTitle "EXT 2022"]
[Source "ChessBase"]
[SourceDate "2021.10.06"]
[SourceVersion "1"]
[SourceVersionDate "2021.10.06"]
[SourceQuality "1"]
[WhiteTeam "Jaecklechemie SC"]
[BlackTeam "Rothenburg II"]
[WhiteTeamCountry "GER"]
[BlackTeamCountry "GER"]

1. e4 c6 2. d4 d5 3. e5 Bf5 4. Nf3 e6 5. Be2 Nd7 6. Be3 Rc8 7. Nbd2 c5 8. c3 a6 9. dxc5 Bxc5 10. Bxc5 Nxc5 11. Nb3 Ne7 12. 0-0 0-0 13. Nfd4 Qc7 14. Nxc5 Qxc5 15. Bd3 1/2-1/2

[Event "Mittelfranken-chTB2a 1718"]
[Site "Mittelfranken"]
[Date "2018.04.08"]
[Round "7.6"]
[White "Witt, Alfred"]
[Black "Killmann, Reinmar"]
[Result "1-0"]
[WhiteElo "1787"]
[BlackElo "1796"]
[PlyCount "107"]
[EventDate "2017.10.08"]
[EventType "team-tourn"]
[EventRounds "9"]
[EventCountry "GER"]
[SourceTitle "EXT 2022"]
[Source "ChessBase"]
[SourceDate "2021.10.06"]
[SourceVersion "1"]
[SourceVersionDate "2021.10.06"]
[SourceQuality "1"]
[WhiteTeam "Bad Windsheim/Ansbach"]
[BlackTeam "Jaecklechemie SC"]
[WhiteTeamCountry "GER"]
[BlackTeamCountry "GER"]

1. e4 d5 2. exd5 Qxd5 3. d4 Nc6 4. Nf3 Bg4 5. Be2 0-0-0 6. Be3 e5 7. Nc3 Qa5 8. Nxe5 Bxe2 9. Qxe2 Nxe5 10. dxe5 Qxe5 11. 0-0 Bb4 12. Qg4+ f5 13. Qxb4 a6 14. Rfe1 Nf6 15. Bf4 Qd4 16. Qxd4 Rxd4 17. g3 Nh5 18. Be3 Rd7 19. Rad1 Rf7 20. f4 Nf6 21. Rd3 Re8 22. Bf2 Rxe1+ 23. Bxe1 Re7 24. Bf2 Nd7 25. Re3 Kd8 26. Rxe7 Kxe7 27. Bd4 g6 28. Nd5+ Kd6 29. c4 c6 30. Nf6 Nxf6 31. Bxf6 Kc5 32. b3 Kb4 33. Bb2 a5 34. Kf2 a4 35. bxa4 Kxc4 36. Ke3 Kb4 37. Kd4 b6 38. Kd3 Kxa4 39. Kc4 Ka5 40. Bd4 Ka6 41. Kb4 Kb7 42. Be5 Ka6 43. Bd6 Kb7 44. Kc4 Ka6 45. Bb4 Kb7 46. Bc3 Ka6 47. a4 Kb7 48. a5 Ka6 49. axb6 Kxb6 50. Be5 c5 51. Bd6 Kc6 52. Bxc5 Kd7 53. Kd5 Ke8 54. Ke6 1-0

[Event "Mittelfranken-chTB2a 1718"]
[Site "Mittelfranken"]
[Date "2018.02.18"]
[Round "5.6"]
[White "Classen, Andrej"]
[Black "Killmann, Reinmar"]
[Result "1/2-1/2"]
[WhiteElo "1748"]
[BlackElo "1796"]
[PlyCount "29"]
[EventDate "2017.10.08"]
[EventType "team-tourn"]
[EventRounds "9"]
[EventCountry "GER"]
[SourceTitle "EXT 2022"]
[Source "ChessBase"]
[SourceDate "2021.10.06"]
[SourceVersion "1"]
[SourceVersionDate "2021.10.06"]
[SourceQuality "1"]
[WhiteTeam "Buechenbach/Roth II"]
[BlackTeam "Jaecklechemie SC"]
[WhiteTeamCountry "GER"]
[BlackTeamCountry "GER"]

1. e4 d5 2. Nc3 d4 3. Nce2 e5 4. f4 Nc6 5. d3 Bd6 6. g3 exf4 7. Nxf4 Nge7 8. Bh3 Bxh3 9. Ngxh3 Qd7 10. 0-0 Ne5 11. Ng5 h6 12. Nf3 0-0 13. Nxe5 Bxe5 14. Qh5 Bxf4 15. Bxf4 1/2-1/2

[Event "Mittelfranken-chTB2a 1718"]
[Site "Mittelfranken"]
[Date "2017.11.19"]
[Round "3.5"]
[White "Killmann, Reinmar"]
[Black "Loy, Wolfgang"]
[Result "1-0"]
[WhiteElo "1796"]
[BlackElo "1727"]
[PlyCount "81"]
[EventDate "2017.10.08"]
[EventType "team-tourn"]
[EventRounds "9"]
[EventCountry "GER"]
[SourceTitle "EXT 2022"]
[Source "ChessBase"]
[SourceDate "2021.10.06"]
[SourceVersion "1"]
[SourceVersionDate "2021.10.06"]
[SourceQuality "1"]
[WhiteTeam "Jaecklechemie SC"]
[BlackTeam "Treuchtlingen/Wet SG"]
[WhiteTeamCountry "GER"]
[BlackTeamCountry "GER"]

1. e4 e5 2. Nf3 Nc6 3. Bb5 a6 4. Bxc6 dxc6 5. d4 exd4 6. Qxd4 Bg4 7. Qe5+ Qe7 8. Nc3 Bxf3 9. Qxe7+ Bxe7 10. gxf3 Bb4 11. Bd2 0-0-0 12. a3 Bc5 13. Be3 Bd6 14. 0-0 Be5 15. Rad1 Ne7 16. f4 Bxc3 17. bxc3 b6 18. f5 Rxd1 19. Rxd1 c5 20. f4 f6 21. Kf2 g6 22. fxg6 hxg6 23. Kg2 Rd8 24. Rxd8+ Kxd8 25. Kf3 Nc6 26. h4 Ne7 27. Kg4 Ke8 28. f5 Kf7 29. fxg6+ Nxg6 30. Bf4 c6 31. h5 Ne7 32. Bc7 b5 33. Bd6 Ng8 34. Bxc5 Ke6 35. Kf4 Nh6 36. Bf8 Ng8 37. h6 Kf7 38. h7 Ne7 39. Bxe7 Kg7 40. Bxf6+ Kxh7 41. Kf5 1-0

[Event "Mittelfranken-chTB2b 1314"]
[Site "Mittelfranken"]
[Date "2014.01.12"]
[Round "4.6"]
[White "Wirth, Karl Heinz"]
[Black "Killmann, Reinmar"]
[Result "0-1"]
[WhiteElo "1792"]
[BlackElo "1816"]
[PlyCount "48"]
[EventDate "2013.10.20"]
[EventType "team-tourn"]
[EventRounds "9"]
[EventCountry "GER"]
[SourceTitle "EXT 2020"]
[Source "ChessBase"]
[SourceDate "2019.10.17"]
[SourceVersion "1"]
[SourceVersionDate "2019.10.17"]
[SourceQuality "1"]
[WhiteTeam "Muehlhof/Schwabach"]
[BlackTeam "Forchheim III"]
[WhiteTeamCountry "GER"]
[BlackTeamCountry "GER"]

1. e4 d5 2. d4 dxe4 3. Nc3 Nf6 4. f3 exf3 5. Nxf3 e6 6. Bc4 Nc6 7. Bg5 Be7 8. Qd2 h6 9. Bxf6 Bxf6 10. Ne2 b6 11. 0-0 Bb7 12. c3 Ne7 13. Rae1 0-0 14. Ng3 Ng6 15. Ne4 Be7 16. Qc2 Bd5 17. Bd3 Nf4 18. c4 Nxd3 19. Qxd3 Bb7 20. Nc3 Bf6 21. Rd1 a6 22. b3 Qd6 23. Ne5 Bxe5 24. dxe5 Qxe5 0-1

[Event "Mittelfranken-chTB2b 1112"]
[Site "Germany"]
[Date "2012.01.15"]
[Round "5.8"]
[White "Wolter, Norbert"]
[Black "Killmann, Reinmar"]
[Result "1-0"]
[WhiteElo "1766"]
[BlackElo "1714"]
[PlyCount "79"]
[EventDate "2011.09.25"]
[EventType "team-tourn"]
[EventRounds "9"]
[EventCountry "GER"]
[SourceTitle "EXT 2013"]
[Source "ChessBase"]
[SourceDate "2012.11.22"]
[SourceVersion "1"]
[SourceVersionDate "2012.11.22"]
[SourceQuality "1"]
[WhiteTeam "Herzogenaurach"]
[BlackTeam "Forchheim III"]
[WhiteTeamCountry "GER"]
[BlackTeamCountry "GER"]

1. c4 e5 2. Nc3 Nf6 3. Nf3 Nc6 4. d4 exd4 5. Nxd4 Bb4 6. Bg5 h6 7. Bh4 d6 8. Nxc6 Bxc3+ 9. bxc3 bxc6 10. c5 0-0 11. Qd4 Qe7 12. Bxf6 Qxf6 13. Qxf6 gxf6 14. cxd6 cxd6 15. 0-0-0 Rd8 16. e3 Bf5 17. Bd3 Bxd3 18. Rxd3 d5 19. Kc2 Kg7 20. Rb1 Rab8 21. Rxb8 Rxb8 22. Rd4 Kg6 23. a3 Kf5 24. c4 dxc4 25. Rxc4 Rc8 26. Rh4 Kg5 27. Ra4 Rc7 28. Kc3 Kf5 29. Rb4 Ke5 30. Rh4 Rb7 31. Rxh6 Rb1 32. Rh4 Rf1 33. Rf4 Ra1 34. a4 a5 35. h4 Ra3+ 36. Kb2 Rd3 37. h5 f5 38. h6 Rd8 39. h7 Rh8 40. Rh4 1-0